banner-ar

البلاغة القرانية / (Record no. 37666)

MARC details
000 -الفاتح
حقل البيانات ثابتة الطول 00640nam a2200205Ia 4500
008 - عناصر البيانات ثابتة الطول - معلومات عامة
حقل البيانات ثابتة الطول 140319s9999 xx 000 0 ara d
040 ## - مصدر الفهرسة
وكالة الفهرسة الأصلية GCL /
وكالة النسخ GCL
082 04 - رقم تصنيف ديوى العشرى
رقم التصنيف 414
رقم المادة خ ب
100 1# - المدخل الرئيسى - إسم شخصى
الإسم الشخصى الخطابى,ابو سليمان احمد بن محم
245 10 - بيان العنوان
العنوان البلاغة القرانية /
بيان المسئوليه,etc الخطابى,ابو سليمان احمد بن محم
700 1# - المدخل الاضافى - اسم شخصى
الإسم الشخصى صباح عبيد درانة
300 ## - الوصف المادى
التعداد 102 ص
490 ## - بيان السلسلة
عنوان السلسلة
650 04 - المدخل الاضافى بالموضوع-مصطلح موضوعى
مصطلح موضوعي اللغة العربية
650 04 - المدخل الاضافى بالموضوع-مصطلح موضوعى
مصطلح موضوعي البلاغة العربية
650 04 - المدخل الاضافى بالموضوع-مصطلح موضوعى
مصطلح موضوعي القران - بلاغة
650 04 - المدخل الاضافى بالموضوع-مصطلح موضوعى
مصطلح موضوعي القران - الفاظ
942 ## - عناصر المدخل الإضافي( كوها)
مصدر التصنيف او مخطط الترفيف Dewey Decimal Classification
Koha [default] item type كتاب
Holdings
حالة التراجع حالة الفقد حالة تلف ليس للاعارة المكان المؤقت الموقع الحالى تاريخ الاكتساب اجمالي اﻻعارات رقم الطلب الباركود تاريخ اخر مشاهدة تاريخ تفعيل السعر نوع وعاء كوها
        مكتبة القاهرة الكبرى مكتبة القاهرة الكبرى 03/26/2014   414\خ ب 91974 03/26/2014 03/26/2014 كتاب
        مكتبة القاهرة الكبرى مكتبة القاهرة الكبرى 03/26/2014   414\خ ب 91975 03/26/2014 03/26/2014 كتاب

Powered By

EGPV